000 00576nam a2200229Ia 4500
003 OSt
005 20220924144231.0
006 a|||||r|||| 00| 0
007 ta
008 220923b |||||||| |||| 00| 0 urd d
024 _a312930
037 _cTextual
040 _aARTS
_cARTS
_burd
041 _2urd
_aurd
082 _aO168,1x2.M5, M7
100 _aIbrahim Mohammad
_9217273
245 0 _aGulistan-e-sukhan
260 _c1987
650 _aURDU POETRY
942 _hO168,1x2.M5, M7
_cTEXL
_2CC
999 _c456473
_d456473